Most Subscribed Youtube Channels - Statistics

General Stats
  • This quiz has been taken 122 times
    100 since last reset
  • The average score is 4 of 20
Answer Stats
Subscribers Channel Name % Correct
111 m PewDiePie
90%
102 m MrBeast
88%
222 m T Series
75%
70 m Justin Bieber
23%
90 m WWE
11%
76 m Blackpink
9%
99 m Like Nastya
9%
139 m SET India
7%
77 m 5-Minute Crafts
6%
70 m BANGTAN TV
4%
140 m Cocomelon - Nursery Rhymes
4%
74 m Goldmines
4%
71 m Sony SAB
4%
85 m Vlad and Niki
4%
63 m Zee TV
4%
68 m HYBE LABELS
3%
87 m Zee Music Company
3%
66 m Canal KondZilla
2%
61 m Shemaroo Filmi Gaane
2%
100 m Kid Diana Show
1%
No matching quizzes found
Score Distribution
Percent of People with Each Score
Percentile by Number Answered
Your Score History
You have not taken this quiz since the last reset